|
|
|
|
| LEADER |
01325nam a2200373 i 4500 |
| 001 |
001690325 |
| 003 |
CZ BrMZK |
| 005 |
20191008120211.0 |
| 007 |
ta |
| 008 |
190625s2019 xxua f 001 0 eng |
| 020 |
|
|
|a 978-1-138-50478-3
|q (brožováno)
|
| 040 |
|
|
|a BOA001
|b cze
|e rda
|
| 044 |
|
|
|a xxu
|a xxk
|
| 072 |
|
7 |
|a 792
|x Divadlo. Divadelní představení
|2 Konspekt
|9 3
|
| 080 |
|
|
|a 792.021
|2 MRF
|
| 080 |
|
|
|a 792.01
|2 MRF
|
| 080 |
|
|
|a (048.8)
|2 MRF
|
| 100 |
1 |
|
|a Howard, Pamela,
|d 1939-
|7 mzk2011675898
|4 aut
|
| 245 |
1 |
0 |
|a What is scenography? /
|c Pamela Howard with Pavel Drábek
|
| 250 |
|
|
|a Third edition
|
| 264 |
|
1 |
|a New York ;
|a and London :
|b Routledge, Taylor & Francis Group,
|c 2019
|
| 300 |
|
|
|a xxxix, 348 stran :
|b ilustrace (převážně barevné) ;
|c 25 cm
|
| 336 |
|
|
|a text
|b txt
|2 rdacontent
|
| 337 |
|
|
|a bez média
|b n
|2 rdamedia
|
| 338 |
|
|
|a svazek
|b nc
|2 rdacarrier
|
| 504 |
|
|
|a Obsahuje bibliografické odkazy a rejstřík
|
| 650 |
0 |
7 |
|a scénografie
|7 ph116114
|2 czenas
|
| 650 |
0 |
7 |
|a divadelní teorie
|7 ph139185
|2 czenas
|
| 655 |
|
7 |
|a monografie
|7 fd132842
|2 czenas
|
| 700 |
1 |
|
|a Drábek, Pavel,
|d 1974-
|7 ola20040422002
|4 aut
|
| 910 |
|
|
|a BOA001
|b 2-1426.850
|
| 990 |
|
|
|a BK
|
| 991 |
|
|
|b 201910
|c NOV
|
| 996 |
6 |
|
|b 2610787245
|c 2-1426.850
|l MZK
|r HSS 4p
|n 0
|p kupz
|h 792 HOW
|w 001731502
|u 000010
|a 0
|e BOA001
|j MZK50
|s P
|